000 02253nkm0a2200445 4500
001 RU\NLR\DIGIT\525631
005 20260320165647.0
035 _a(NLR Aleph) 010459931
090 _a74642
_c74642
100 _a20140805d1943 m y0rusy50 ca
101 0 _arus
102 _aRU
116 _adiycxx zz ad
135 _acrcn 024anaba
200 1 _aОчистим нашу землю от гитлеровской нечисти!
_e[Плакат]
_fХудож. Мальцев
210 _a[Л.]
_cВоенмориздат
_d1943
215 _a1 л.
325 _aКопия доступна в электронной библиотеке РНБ
327 0 _aМорской десант идет в атаку
606 1 _aБлокада Ленинграда
_z1941 - 1944
_jПлакаты
_2nlr_sh1
_2nlr_sh2
_3RU\NLR\AUTH\661253360
608 _aПлакаты общественно-политические
_2nlr-sh2
610 0 _aПлакаты
702 1 _aМальцев
_bП.Т.
_cсоветский живописец
_f1907-1993
_gПетр Тарасович
_4040
801 2 _aRU
_bNLR
_c20140805
_2rusmarc
830 _aВ каталоге "ЛЕНИНГРАД В ВЕЛИКОЙ ОТЕЧЕСТВЕННОЙ ВОЙНЕ : Печать Ленинграда, 1941 - 1945 : каталог изданий, хранящихся в фондах Гос. Публ. б-ки, вып.2. Листовки, плакаты, открытки, альбомы" (Ленинград, 1972) не значится
852 _aNLR
_bЛ3-310 п
_j3/1-1
852 0 0 _aNLR
_bЭ
_jПлИр995/4-75
_mЭ033557
852 0 0 _aNLR
_bЭ
_jПлИр995/4-75
_mЭ036231
852 0 0 _aNLR
_bЭ
_jПлИр995/4-75
_mЭ041832
856 0 _uhttp://vivaldi.nlr.ru/la000070001/view
856 1 _uhttp://vivaldi.nlr.ru/la000070001/cover
856 2 _uhttp://vivaldi.nlr.ru/la000070001/text
942 _cVISUAL
945 _aРоссийская национальная библиотека
980 _aNB
980 _aBV
981 3 7 _a(37) Ленинград в Великой Отечественной войне
981 1 7 _a(17) Изографические материалы
_b(17) Плакаты